00601nam a2200217Ia 4500008004100000020001500041050001700056050001800073245002100091245003000112250001600142260001700158260002600175260000900201300001600210300002000226300001100246500005100257650003600308650003900344160319s9999 xx 000 0 und d a9715740669 aFIL HN 713.5 b.C87 2002 c.7 aCurrent issues / cLucila L. Salcedo [et al] a3rd Edition aQuezon City: bKatha Pub. Co., Inc., c2002 a210 pages : billustrations ; c25 cm. aIncludes bibliographical references and index. aSocial Problems -- Philippines. xPhillippines -- Social conditions.